[Event "Sparkassen-Open A"]
[Site "Heusenstamm, Martinsee"]
[Date "2024.11.22"]
[Round "2.25"]
[White "Browning, Alex"]
[Black "Kuhn, Daniel"]
[Result "1-0"]
[WhiteElo "2253"]
[BlackElo "2011"]
[PlyCount "67"]
[EventDate "2024.11.21"]
[WhiteTeam "SG Porz e. V."]
[BlackTeam "SK Landau"]

1. c4 e5 2. Nc3 Nf6 3. Nf3 Nc6 4. e3 Bb4 5. Qc2 Bxc3 6. Qxc3 Qe7 7. a3 a5 8. b3 d5 9. d4 exd4 10. Nxd4 Nxd4 11. Qxd4 c5 12. Qb2 O-O 13. Be2 dxc4 14. bxc4 Be6 15. O-O Qc7 16. f3 Nd7 17. Rb1 Rab8 18. Qc3 b6 19. Bb2 f6 20. Rbd1 Rfd8 21. Qc2 Ne5 22. f4 Rxd1 23. Rxd1 Nc6 24. Bd3 h6 25. Be4 b5 26. Bd5 Bxd5 27. cxd5 Nd8 28. d6 Qc6 29. Qg6 Kf8 30. e4 c4 31. e5 fxe5 32. fxe5 c3 33. e6 Nxe6 34. Qxe6 1-0

[Event "Sparkassen-Open A"]
[Site "Heusenstamm, Martinsee"]
[Date "2024.11.22"]
[Round "2.26"]
[White "Sheng, Ming"]
[Black "Sydykov, Bayastan"]
[Result "1-0"]
[WhiteElo "2009"]
[BlackElo "2251"]
[PlyCount "91"]
[EventDate "2024.11.21"]
[WhiteTeam "SVG Saarbrücken 1970 e.V."]
[BlackTeam "SK 1858 Gießen"]

1. d4 Nf6 2. c4 e6 3. Nf3 d5 4. g3 Be7 5. Bg2 O-O 6. O-O a5 7. Nc3 c6 8. b3 b6 9. Bb2 Ba6 10. Nd2 b5 11. Qc2 Nbd7 12. Rfe1 Rc8 13. e4 dxc4 14. bxc4 bxc4 15. Na4 Bb4 16. Red1 Bxd2 17. Qxd2 Qc7 18. Bc3 Bb5 19. Bxa5 Qa7 20. Nb2 c5 21. a4 Ba6 22. d5 exd5 23. exd5 Rfe8 24. Re1 Qb8 25. f4 Qd6 26. Bc3 Nb6 27. Be5 Qd8 28. Rad1 Bb7 29. a5 c3 30. Bxc3 Rxe1+ 31. Qxe1 Nbxd5 32. Nc4 Qc7 33. Be5 Qe7 34. Bxf6 Qxe1+ 35. Rxe1 gxf6 36. Nd6 Rb8 37. Nxb7 Nb4 38. Nxc5 Rb5 39. a6 Ra5 40. Bb7 Kg7 41. Nb3 Ra3 42. Ra1 Rxb3 43. a7 Nc2 44. Rc1 Nd4 45. Ba6 Rb2 46. a8=Q 1-0

[Event "Sparkassen-Open A"]
[Site "Heusenstamm, Martinsee"]
[Date "2024.11.22"]
[Round "2.27"]
[White "Thomas, Tobias"]
[Black "Klundt, Klaus"]
[Result "1/2-1/2"]
[WhiteElo "1979"]
[BlackElo "2252"]
[PlyCount "81"]
[EventDate "2024.11.21"]
[WhiteTeam "SK Langen"]
[BlackTeam "SC Heusenstamm"]

1. c4 e6 2. g3 Nf6 3. Bg2 d5 4. Nf3 d4 5. e3 c5 6. exd4 cxd4 7. b4 a5 8. b5 Bc5 9. O-O O-O 10. d3 Re8 11. Re1 Nbd7 12. Ba3 Qc7 13. Bxc5 Qxc5 14. a4 e5 15. Nbd2 Rb8 16. Nb3 Qc7 17. Ra2 b6 18. Rae2 Bb7 19. Qd2 Rbd8 20. h3 h6 21. Nh4 Bxg2 22. Nxg2 Nc5 23. Nxc5 Qxc5 24. Kh2 Re6 25. f4 e4 26. dxe4 Qxc4 27. e5 Nd5 28. f5 Ree8 29. Re4 Ne7 30. Nf4 Qc3 31. R1e2 Qxd2 32. Rxd2 d3 33. Re3 g5 34. fxg6 Nxg6 35. Nxg6 fxg6 36. Rdxd3 Rxd3 37. Rxd3 Rxe5 38. Rd6 Re2+ 39. Kg1 Kg7 40. Rxb6 Ra2 41. Ra6 1/2-1/2

[Event "Sparkassen-Open A"]
[Site "Heusenstamm, Martinsee"]
[Date "2024.11.22"]
[Round "2.28"]
[White "Engel, Bruno"]
[Black "Derr, Oleg"]
[Result "1-0"]
[WhiteElo "2242"]
[BlackElo "2019"]
[PlyCount "59"]
[EventDate "2024.11.21"]
[WhiteTeam "Lübecker SV von 1873"]
[BlackTeam "VSG 1880 Offenbach"]

1. d4 Nf6 2. Bg5 d5 3. e3 c5 4. Bxf6 gxf6 5. dxc5 Qa5+ 6. Nc3 e6 7. Qd4 Qd8 8. e4 Nc6 9. Bb5 Bd7 10. Bxc6 bxc6 11. Nf3 Rg8 12. exd5 cxd5 13. O-O Be7 14. b4 e5 15. Qxd5 Bh3 16. Qc6+ Kf8 17. Nh4 Rc8 18. Qf3 Bg4 19. Qe4 Qd2 20. Qe3 Qxc2 21. Nd5 Be6 22. Qh6+ Ke8 23. Nxf6+ Bxf6 24. Qxf6 Qe4 25. Rae1 Qxb4 26. Rxe5 Rxc5 27. Rd1 Rd5 28. Rxe6+ fxe6 29. Qxe6+ Kf8 30. Qxd5 1-0

[Event "Sparkassen-Open A"]
[Site "Heusenstamm, Martinsee"]
[Date "2024.11.22"]
[Round "2.29"]
[White "Müller, Maximilian"]
[Black "Ohler, Julius"]
[Result "1/2-1/2"]
[WhiteElo "2005"]
[BlackElo "2231"]
[PlyCount "94"]
[EventDate "2024.11.21"]
[WhiteTeam "SVG Saarbrücken 1970 e.V."]
[BlackTeam "SC ML Kastellaun"]

1. e4 c5 2. Nf3 Nc6 3. Bb5 e6 4. Bxc6 bxc6 5. e5 f6 6. O-O fxe5 7. Nxe5 Nf6 8. b3 Bd6 9. Bb2 O-O 10. d3 Qc7 11. Qe2 Nd5 12. Nd2 Bxe5 13. Qxe5 d6 14. Qg3 e5 15. Ne4 Bf5 16. Rae1 Rae8 17. Qh4 Re6 18. Bc1 h6 19. Ng3 Ref6 20. Nxf5 Rxf5 21. Bd2 Qf7 22. Re4 Qf6 23. Qxf6 R5xf6 24. g3 Nc7 25. Kg2 Ne6 26. Be3 Nd4 27. c3 Nb5 28. Bd2 Rf3 29. Re3 Rxe3 30. fxe3 Rxf1 31. Kxf1 Kf7 32. Ke2 Kf6 33. c4 Nc7 34. b4 cxb4 35. Bxb4 Ke6 36. Kf3 Na6 37. Ba3 c5 38. Ke4 Nb4 39. Bxb4 cxb4 40. d4 a5 41. Kd3 a4 42. g4 g6 43. h3 h5 44. gxh5 gxh5 45. h4 exd4 46. exd4 Kf5 47. c5 d5 1/2-1/2

[Event "Sparkassen-Open A"]
[Site "Heusenstamm, Martinsee"]
[Date "2024.11.22"]
[Round "2.30"]
[White "Wolf, Ulrich Martin"]
[Black "Rondonuwu, Grover"]
[Result "1/2-1/2"]
[WhiteElo "2228"]
[BlackElo "2015"]
[PlyCount "70"]
[EventDate "2024.11.21"]
[WhiteTeam "SK Bad Homburg 1927"]
[BlackTeam "Sabt Frankfurter TV 1860"]

1. d4 d5 2. c4 c6 3. e3 Nf6 4. Nc3 a6 5. Nf3 e6 6. Qc2 g6 7. b3 Bg7 8. a4 O-O 9. Ba3 Re8 10. Bd3 a5 11. O-O Na6 12. Rfd1 Bf8 13. Bxf8 Rxf8 14. Be2 Nb4 15. Qb1 Qe7 16. e4 dxe4 17. Nxe4 Rd8 18. Rd2 Bd7 19. Ne5 Be8 20. Nxf6+ Qxf6 21. Qe4 Kg7 22. Rad1 h5 23. f4 Rac8 24. Qe3 b5 25. axb5 cxb5 26. Ra1 bxc4 27. bxc4 a4 28. Bf3 Rb8 29. d5 exd5 30. cxd5 Qb6 31. Kf2 Qxe3+ 32. Kxe3 Rbc8 33. Rb1 Rb8 34. Ra1 Rbc8 35. Rb1 Rb8 1/2-1/2

[Event "Sparkassen-Open A"]
[Site "Heusenstamm, Martinsee"]
[Date "2024.11.22"]
[Round "2.31"]
[White "Schwarz, David"]
[Black "Lesny, Florian"]
[Result "0-1"]
[WhiteElo "1948"]
[BlackElo "2222"]
[PlyCount "104"]
[EventDate "2024.11.21"]
[WhiteTeam "SF Birkenfeld"]
[BlackTeam "Schachfreunde Hünstetten"]

1. d4 d5 2. Nf3 Nf6 3. c3 e6 4. Bf4 Bd6 5. e3 O-O 6. Nbd2 c5 7. Bd3 Nc6 8. Bg3 b6 9. e4 Be7 10. e5 Nh5 11. Ng5 Bxg5 12. Qxh5 g6 13. Qe2 cxd4 14. h4 Bh6 15. h5 dxc3 16. bxc3 Bg7 17. hxg6 fxg6 18. Rxh7 Kxh7 19. Qh5+ Kg8 20. Bxg6 Rf5 21. Qh7+ Kf8 22. f4 Ne7 23. Bh4 Qc7 24. Bxe7+ Qxe7 25. Bxf5 exf5 26. Nf3 Be6 27. Nd4 Re8 28. Kd2 Qf7 29. a4 Qg8 30. Qg6 Qf7 31. Qh7 Qg8 32. Qg6 Bh8 33. Qh6+ Kf7 34. Qh5+ Qg6 35. Qxg6+ Kxg6 36. a5 b5 37. Nxb5 Rb8 38. Nxa7 Bd7 39. a6 Ra8 40. Rb1 Rxa7 41. Rb7 Rxa6 42. Rxd7 Ra2+ 43. Ke3 Rxg2 44. Rd6+ Kf7 45. Kf3 Rc2 46. Kg3 Bg7 47. Rd7+ Kg6 48. Rxd5 Rxc3+ 49. Kh4 Bf8 50. Rd7 Rf3 51. e6 Rxf4+ 52. Kg3 Re4 0-1

[Event "Sparkassen-Open A"]
[Site "Heusenstamm, Martinsee"]
[Date "2024.11.22"]
[Round "2.32"]
[White "Töpfer, Albrecht"]
[Black "von Auer, Ulrich"]
[Result "1-0"]
[WhiteElo "2170"]
[BlackElo "2007"]
[PlyCount "83"]
[EventDate "2024.11.21"]
[WhiteTeam "SC Fulda"]
[BlackTeam "SV Oberursel"]

1. d4 Nf6 2. Nf3 g6 3. Bf4 Bg7 4. c3 d6 5. Nbd2 Nh5 6. Bg5 h6 7. Bh4 g5 8. Bg3 Nxg3 9. hxg3 c5 10. e3 Bf5 11. Bc4 Qb6 12. O-O Nc6 13. e4 Bg6 14. d5 Ne5 15. Nxe5 Bxe5 16. f4 Bg7 17. f5 Bh7 18. Qa4+ Kf8 19. Rab1 g4 20. Kf2 Bg8 21. Qd1 h5 22. Qe2 Be5 23. Rh1 f6 24. Qe3 Bf7 25. Be2 Kg7 26. Nc4 Qc7 27. Rh4 Rhg8 28. Nxe5 dxe5 29. Bxg4 Kf8 30. Bxh5 Bxh5 31. Rxh5 Ke8 32. g4 Kd7 33. g5 fxg5 34. Rxg5 Qb6 35. Rxg8 Rxg8 36. g3 Rh8 37. Kg2 Qa6 38. a3 Qa4 39. Qe2 b5 40. Rh1 Rg8 41. Rh6 b4 42. Ra6 1-0

[Event "Sparkassen-Open A"]
[Site "Heusenstamm, Martinsee"]
[Date "2024.11.22"]
[Round "2.33"]
[White "Kürschner, Matthias"]
[Black "Mostertman, Milan"]
[Result "0-1"]
[WhiteElo "1984"]
[BlackElo "2204"]
[PlyCount "72"]
[EventDate "2024.11.21"]
[WhiteTeam "SK Langen"]
[BlackTeam "Groninger Combinatie"]

1. e4 c5 2. c4 Nc6 3. Ne2 Nf6 4. Nbc3 e6 5. d4 d5 6. cxd5 exd5 7. Bg5 cxd4 8. Nxd4 Be7 9. exd5 Nxd5 10. Nxc6 bxc6 11. Bxe7 Qxe7+ 12. Be2 Nxc3 13. bxc3 Bg4 14. Kf1 Rd8 15. Qc2 Be6 16. Bf3 O-O 17. h4 Qf6 18. Rd1 Rxd1+ 19. Bxd1 Rd8 20. Bf3 Qf4 21. Kg1 Bg4 22. Qe2 Bxf3 23. Qxf3 Qxf3 24. gxf3 Rd1+ 25. Kg2 Rxh1 26. Kxh1 f6 27. Kg2 Kf7 28. Kg3 Ke6 29. Kf4 Kd5 30. Ke3 Ke5 31. f4+ Kf5 32. Kf3 h5 33. c4 c5 34. a4 a5 35. Kg3 Ke4 36. f3+ Kf5 0-1

[Event "Sparkassen-Open A"]
[Site "Heusenstamm, Martinsee"]
[Date "2024.11.22"]
[Round "2.34"]
[White "Marcziter, Dmitrii"]
[Black "Lenz, Joshua"]
[Result "1-0"]
[WhiteElo "2187"]
[BlackElo "2006"]
[PlyCount "55"]
[EventDate "2024.11.21"]
[WhiteTeam "Schachgemeinschaft Porz e. V."]
[BlackTeam "TSV Schott Mainz"]

1. d4 d5 2. Nf3 Nf6 3. c4 e6 4. Nc3 Be7 5. Bg5 h6 6. Bh4 O-O 7. cxd5 exd5 8. Qc2 c6 9. e3 Re8 10. Bd3 Nbd7 11. O-O Nf8 12. Rae1 Ne4 13. Bxe7 Qxe7 14. Bxe4 dxe4 15. Nd2 f5 16. f3 exf3 17. Nxf3 Nh7 18. e4 fxe4 19. Rxe4 Qd8 20. Qb3+ Kh8 21. Ne5 Ng5 22. Ref4 Be6 23. Qxb7 Rb8 24. Qxc6 Rxb2 25. Rf8+ Kh7 26. Qxe8 Rxg2+ 27. Kxg2 Bd5+ 28. Kg3 1-0

[Event "Sparkassen-Open A"]
[Site "Heusenstamm, Martinsee"]
[Date "2024.11.22"]
[Round "2.35"]
[White "Tornay Gomez, Josu"]
[Black "Hoppstädter, Daniel"]
[Result "0-1"]
[WhiteElo "1993"]
[BlackElo "2198"]
[PlyCount "126"]
[EventDate "2024.11.21"]
[WhiteTeam "SJ Herborn 1998"]
[BlackTeam "SC Turm Illingen"]

1. e4 c6 2. d4 d5 3. e5 Bf5 4. Nf3 e6 5. Be2 c5 6. Be3 Qb6 7. Nc3 Nc6 8. O-O Qxb2 9. Qb1 Qxb1 10. Rfxb1 O-O-O 11. Rb2 c4 12. Ng5 Rd7 13. g4 Ba3 14. Rab1 Bxb2 15. Rxb2 Bg6 16. Nb5 h6 17. Nh3 Nge7 18. Nf4 Kb8 19. h4 a6 20. Nc3 Ka7 21. Bxc4 Na5 22. Be2 b5 23. Nxg6 fxg6 24. a4 Rc8 25. Bd2 Nc4 26. Bxc4 bxc4 27. a5 Rb8 28. Ra2 Nc6 29. Na4 Rb5 30. Nc5 Re7 31. Bc3 Nb8 32. Ra4 Rb1+ 33. Kg2 Nc6 34. Ra2 Re8 35. f3 g5 36. h5 Nd8 37. Ra4 Nb7 38. Nd7 Rd8 39. Nb6 Kb8 40. Ra2 Kc7 41. Bd2 Rg8 42. Na4 Rb5 43. Nb6 Rb8 44. Na4 Kc6 45. Kg3 Nd8 46. Bc3 R8b7 47. Nc5 Rxc5 48. dxc5 Kxc5 49. Bb2 d4 50. Bc1 Kd5 51. f4 Rb1 52. Ba3 gxf4+ 53. Kxf4 Nc6 54. Kg3 Nxe5 55. Bf8 Rb7 56. Ra1 c3 57. Ba3 Nc4 58. Bc1 e5 59. g5 hxg5 60. Bxg5 Rb2 61. Be7 Rxc2 62. Bf8 Ne3 63. Bxg7 Rg2+ 0-1

[Event "Sparkassen-Open A"]
[Site "Heusenstamm, Martinsee"]
[Date "2024.11.22"]
[Round "2.36"]
[White "Pilhöfer, Lukas"]
[Black "Rempe, Jonas"]
[Result "1/2-1/2"]
[WhiteElo "1949"]
[BlackElo "2182"]
[PlyCount "35"]
[EventDate "2024.11.21"]
[WhiteTeam "SC Sulzbach-Rosenberg"]
[BlackTeam "SK Doppelbauer Kiel von 1910 e.V"]

1. d4 Nf6 2. Nf3 b6 3. c4 Bb7 4. g3 g6 5. Bg2 Bg7 6. O-O O-O 7. Nc3 d6 8. Qc2 Nbd7 9. e4 e5 10. d5 Nh5 11. Nh4 Nf4 12. Nf5 Nxg2 13. Nxg7 Nh4 14. Bh6 Nf3+ 15. Kg2 Nd4 16. Qd2 Kh8 17. f4 Qe7 18. f5 1/2-1/2

[Event "Sparkassen-Open A"]
[Site "Heusenstamm, Martinsee"]
[Date "2024.11.22"]
[Round "2.37"]
[White "Kersten, Uwe"]
[Black "Müller, Mark"]
[Result "1-0"]
[WhiteElo "2170"]
[BlackElo "2000"]
[PlyCount "68"]
[EventDate "2024.11.21"]
[WhiteTeam "Sfr. Wolfhagen e. V."]
[BlackTeam "SC Königsflügel Lindenholzhausen"]

1. e4 c5 2. Nf3 e6 3. c3 d5 4. exd5 exd5 5. Bb5+ Bd7 6. Qe2+ Qe7 7. Bxd7+ Nxd7 8. d4 Qxe2+ 9. Kxe2 Bd6 10. Be3 Ne7 11. dxc5 Nxc5 12. Rd1 O-O-O 13. Ng5 Rdf8 14. c4 Na4 15. cxd5 Nf5 16. Rc1+ Kb8 17. Nc3 Nxe3 18. fxe3 Nxc3+ 19. Rxc3 Bxh2 20. Rf1 Be5 21. Nxf7 Bxc3 22. bxc3 Rhg8 23. e4 Kc7 24. e5 Kd7 25. Kd3 g5 26. Kd4 g4 27. e6+ Ke7 28. Rf5 Rc8 29. c4 b6 30. g3 Rc5 31. Nh6 Rgc8 32. Rf7+ Ke8 33. Ng8 Rxc4+ 34. Ke5 R8c7 1-0

[Event "Sparkassen-Open A"]
[Site "Heusenstamm, Martinsee"]
[Date "2024.11.22"]
[Round "2.38"]
[White "Boeren, Jurriaan"]
[Black "Buchholz, Maja Patricia"]
[Result "1-0"]
[WhiteElo "2159"]
[BlackElo "1972"]
[PlyCount "41"]
[EventDate "2024.11.21"]
[WhiteTeam "Kennemer Combinatie"]
[BlackTeam "Wiesbadener SV 1885"]

1. e4 e6 2. d4 d5 3. Nc3 Nf6 4. e5 Nfd7 5. f4 c5 6. Nf3 Be7 7. Be3 b6 8. Be2 a5 9. O-O O-O 10. Qd2 Nc6 11. Rad1 Ba6 12. Bxa6 Rxa6 13. f5 cxd4 14. Nxd4 Ndxe5 15. fxe6 Nc4 16. Qe2 Bc5 17. Nxc6 Bxe3+ 18. Kh1 Qd6 19. Qxc4 b5 20. Qd3 Qxc6 21. exf7+ 1-0

[Event "Sparkassen-Open A"]
[Site "Heusenstamm, Martinsee"]
[Date "2024.11.22"]
[Round "2.39"]
[White "Calvi, Stefan"]
[Black "Aravindhan, Achyuth"]
[Result "0-1"]
[WhiteElo "1978"]
[BlackElo "2156"]
[PlyCount "68"]
[EventDate "2024.11.21"]
[WhiteTeam "SV Oberursel"]
[BlackTeam "Club Zukertort"]

1. e4 c5 2. Nc3 Nc6 3. f4 g6 4. Nf3 Bg7 5. Bc4 e6 6. d3 Nge7 7. a4 O-O 8. O-O d5 9. exd5 exd5 10. Ba2 b6 11. Ne2 Nf5 12. Ng3 Nxg3 13. hxg3 Bg4 14. c3 d4 15. Qc2 dxc3 16. bxc3 Bxf3 17. Rxf3 Nd4 18. Qd2 Nxf3+ 19. gxf3 Qd7 20. Kg2 a6 21. Bb2 Rad8 22. Bb1 Rfe8 23. Bc2 Qe6 24. Rf1 h5 25. d4 cxd4 26. cxd4 Qc4 27. Bd3 Qxa4 28. Ra1 Qd7 29. Bxa6 Bxd4 30. Rd1 Qa4 31. Bxd4 Qxa6 32. Kf2 Rxd4 33. Qxd4 Qe2+ 34. Kg1 Qxf3 0-1

[Event "Sparkassen-Open A"]
[Site "Heusenstamm, Martinsee"]
[Date "2024.11.22"]
[Round "2.40"]
[White "Restorff, Felix"]
[Black "Woestmann, Ulrich"]
[Result "1-0"]
[WhiteElo "2151"]
[BlackElo "1987"]
[PlyCount "45"]
[EventDate "2024.11.21"]
[WhiteTeam "SV Blau-Weiß Concordia 07/24 Vie"]
[BlackTeam "SV Ahlen 1954 e. V."]

1. d4 c6 2. e4 d5 3. exd5 cxd5 4. Nf3 Nc6 5. Ne5 Nf6 6. Bb5 Bd7 7. Nxd7 Qxd7 8. c3 e6 9. O-O Bd6 10. Nd2 a6 11. Bd3 O-O 12. Re1 e5 13. dxe5 Nxe5 14. Nf3 Rfe8 15. Bg5 Ne4 16. Bxe4 dxe4 17. Nxe5 Rxe5 18. Bf4 Re6 19. Qd5 f5 20. Rad1 Rd8 21. Bxd6 Kh8 22. Qxf5 Rxd6 23. Rxd6 1-0

[Event "Sparkassen-Open A"]
[Site "Heusenstamm, Martinsee"]
[Date "2024.11.22"]
[Round "2.41"]
[White "Klein, Levent"]
[Black "Hoppe, Thilo"]
[Result "1/2-1/2"]
[WhiteElo "1966"]
[BlackElo "2127"]
[PlyCount "50"]
[EventDate "2024.11.21"]
[WhiteTeam "SK Kaiserslautern 1905"]
[BlackTeam "SC Bonn Beuel"]

1. Nf3 d5 2. g3 Nf6 3. d4 c6 4. Bg2 Bf5 5. O-O h6 6. b3 e6 7. Bb2 Be7 8. Nbd2 O-O 9. Re1 Nbd7 10. Ne5 a5 11. e4 dxe4 12. Nxe4 Nxe4 13. Bxe4 Bxe4 14. Rxe4 Nf6 15. Re1 a4 16. Qd3 Qc7 17. c4 Rfd8 18. Qc2 Bb4 19. Red1 a3 20. Bc3 Be7 21. Qe2 Bd6 22. Rac1 Qe7 23. Qf3 Bb4 24. Ba1 Rac8 25. Ng4 Nxg4 1/2-1/2

[Event "Sparkassen-Open A"]
[Site "Heusenstamm, Martinsee"]
[Date "2024.11.22"]
[Round "2.42"]
[White "Erdmann, Stefan"]
[Black "Ahrends, Norbert"]
[Result "1-0"]
[WhiteElo "2137"]
[BlackElo "1979"]
[PlyCount "57"]
[EventDate "2024.11.21"]
[WhiteTeam "SK Bad Homburg 1927"]
[BlackTeam "SK 1980 Gernsheim"]

1. d4 Nf6 2. Nf3 e6 3. c4 d5 4. g3 Bb4+ 5. Bd2 Bd6 6. Bg2 c6 7. Qc2 Ne4 8. O-O O-O 9. Nc3 Nxd2 10. Nxd2 f5 11. c5 Bc7 12. f4 Nd7 13. b4 b5 14. a4 bxa4 15. Qxa4 Nb8 16. b5 cxb5 17. Qxb5 Bd7 18. Qd3 Nc6 19. Rfb1 a5 20. e3 Nb4 21. Qe2 Qf6 22. Nf3 Rfb8 23. Ne5 Be8 24. Qd1 g5 25. Rxb4 axb4 26. Rxa8 Bxe5 27. dxe5 Qd8 28. Rxb8 Qxb8 29. Qb3 1-0

[Event "Sparkassen-Open A"]
[Site "Heusenstamm, Martinsee"]
[Date "2024.11.22"]
[Round "2.43"]
[White "Werner, Florin"]
[Black "Musiienko, Tymur"]
[Result "0-1"]
[WhiteElo "1963"]
[BlackElo "2141"]
[PlyCount "120"]
[EventDate "2024.11.21"]
[WhiteTeam "VSG 1880 Offenbach"]
[BlackTeam "Wiesbadener SV 1885"]

1. e4 e5 2. Nf3 Nc6 3. Bb5 a6 4. Ba4 Nf6 5. O-O Be7 6. Re1 b5 7. Bb3 O-O 8. c3 d6 9. h3 Bb7 10. d4 Re8 11. Nbd2 h6 12. Nf1 Bf8 13. Ng3 Qd7 14. Nh4 d5 15. Nf3 dxe4 16. Nxe4 Nxe4 17. Rxe4 exd4 18. Rf4 Re7 19. Nxd4 Na5 20. Be3 Nxb3 21. Nxb3 Qc6 22. Rg4 f5 23. Rg3 Rxe3 24. fxe3 Bd6 25. Nd4 Qe4 26. Rf3 Qe5 27. Qe2 Rf8 28. Re1 Be4 29. Ref1 c5 30. Nb3 Kh7 31. Nd2 Bc6 32. Kf2 Bxf3 33. Qxf3 f4 34. e4 c4 35. Kg1 Bc5+ 36. Kh1 Rd8 37. Qe2 Be3 38. Nf3 Qxe4 39. Re1 Qd3 40. Kh2 Qxe2 41. Rxe2 Kg6 42. g3 Kf5 43. Nh4+ Ke4 44. gxf4 Rd2 45. Rxd2 Bxd2 46. f5 a5 47. Kg3 Bc1 48. Nf3 Bxb2 49. Nd4 b4 50. Ne6 Bxc3 51. Kg4 Bd4 52. h4 c3 53. Nxd4 Kxd4 54. Kh5 c2 55. Kg6 c1=Q 56. Kxg7 Ke5 57. f6 Ke6 58. f7 Qg1+ 59. Kf8 Qg6 60. h5 Qxf7# 0-1

[Event "Sparkassen-Open A"]
[Site "Heusenstamm, Martinsee"]
[Date "2024.11.22"]
[Round "2.44"]
[White "Pfrengle, Tim"]
[Black "Mayorov, Daniel"]
[Result "1-0"]
[WhiteElo "2091"]
[BlackElo "1977"]
[PlyCount "59"]
[EventDate "2024.11.21"]
[WhiteTeam "SC ML Kastellaun"]
[BlackTeam "Sabt Frankfurter TV 1860"]

1. e4 Nc6 2. Nf3 d5 3. exd5 Qxd5 4. Nc3 Qa5 5. Bb5 Bg4 6. h3 Bd7 7. a3 O-O-O 8. d3 Nf6 9. Bd2 e5 10. b4 Qb6 11. Na4 Qxb5 12. c4 Nxb4 13. cxb5 Nxd3+ 14. Kf1 Bxb5 15. Kg1 Ne4 16. Qb3 a6 17. Be3 f5 18. Nc3 Nec5 19. Qc2 Bc4 20. Nd1 b5 21. Qc3 e4 22. Nd2 Be6 23. Nb2 Bd6 24. Nxd3 Nxd3 25. Qc6 f4 26. Qxa6+ Kd7 27. Qxb5+ Ke7 28. Bd4 c5 29. Nxe4 cxd4 30. Nxd6 1-0

[Event "Sparkassen-Open A"]
[Site "Heusenstamm, Martinsee"]
[Date "2024.11.22"]
[Round "2.45"]
[White "Carrella, Adriano"]
[Black "Dordevic, Tom"]
[Result "0-1"]
[WhiteElo "1922"]
[BlackElo "2123"]
[PlyCount "137"]
[EventDate "2024.11.21"]
[WhiteTeam "SC ML Kastellaun"]
[BlackTeam "SV Mülheim-Nord 1931 e"]

1. e4 c5 2. Nf3 d6 3. d4 cxd4 4. Nxd4 Nf6 5. Nc3 a6 6. Bg5 e6 7. f4 h6 8. Bxf6 Qxf6 9. Qd2 Be7 10. O-O-O Nc6 11. Nf3 g5 12. g3 Qg7 13. Bc4 b5 14. Bb3 Bb7 15. Rhe1 O-O-O 16. Qe3 Rhe8 17. Kb1 Kb8 18. h4 g4 19. Nd4 Nxd4 20. Qxd4 Qxd4 21. Rxd4 Rc8 22. a4 bxa4 23. Nxa4 Red8 24. f5 Bf6 25. Rd3 exf5 26. exf5 d5 27. Nb6 Rc5 28. c4 d4 29. Nd5 Bxd5 30. cxd5 h5 31. Re4 Kc7 32. Rd2 Kd6 33. Rde2 Rb8 34. Ba2 d3 35. Rd2 Rbc8 36. Bb3 Rc1+ 37. Ka2 R1c2 38. Rxd3 Rxb2+ 39. Ka3 Rb1 40. Ra4 Ra8 41. Bc4 Ra1+ 42. Ba2 Be5 43. Rb4 Kc7 44. Rb1 Bd6+ 45. Kb2 Be5+ 46. Ka3 Bd6+ 47. Kb2 Rb8+ 48. Bb3 Be5+ 49. Kc2 Rxb1 50. Kxb1 Kd6 51. Kc2 Rb4 52. Kd2 a5 53. Bc2 f6 54. Ra3 Rd4+ 55. Ke3 Rxd5 56. Bb3 Rc5 57. Bf7 Bxg3 58. Bxh5 Rxf5 59. Bxg4 Re5+ 60. Kf3 Bxh4 61. Bc8 Bg5 62. Bb7 Kc7 63. Be4 Kb6 64. Bc2 Rb5 65. Ba4 Rb4 66. Bc2 Bf4 67. Ba4 Be5 68. Bc2 Rc4 69. Ra2 0-1

[Event "Sparkassen-Open A"]
[Site "Heusenstamm, Martinsee"]
[Date "2024.11.22"]
[Round "2.46"]
[White "Shah, Shrey"]
[Black "Stork, Christopher"]
[Result "0-1"]
[WhiteElo "1753"]
[BlackElo "2079"]
[PlyCount "106"]
[EventDate "2024.11.21"]
[WhiteTeam "Amstelveen"]
[BlackTeam "SV Oberursel"]

1. e4 c5 2. Nf3 d6 3. d4 cxd4 4. Nxd4 Nf6 5. Nc3 a6 6. Bc4 e6 7. Bb3 Nbd7 8. f4 Nc5 9. Qf3 Be7 10. f5 O-O 11. O-O Bd7 12. Bg5 b5 13. a3 Qb6 14. Kh1 Nxb3 15. Nxb3 Rac8 16. Qg3 Kh8 17. Rad1 Rxc3 18. Qxc3 Nxe4 19. Qe3 Qxe3 20. Bxe3 exf5 21. Nd4 g6 22. Ne2 Rc8 23. c3 Be6 24. Nf4 Bb3 25. Bd4+ Kg8 26. Rc1 Bg5 27. Kg1 a5 28. g3 Bh6 29. g4 Bc4 30. gxf5 Bxf1 31. Rxf1 Bxf4 32. Rxf4 d5 33. fxg6 hxg6 34. Kg2 Rc6 35. h4 Kf8 36. h5 gxh5 37. Rf5 Rg6+ 38. Kh2 Rg5 39. Rf3 h4 40. Bf6 Rg3 41. Rf4 Rd3 42. Bxh4 Rd2+ 43. Kg1 Rxb2 44. Bd8 a4 45. Ba5 Ke7 46. Bb4+ Ke6 47. Rh4 Rc2 48. Rh3 f5 49. Rh6+ Ke5 50. Rc6 f4 51. Rc8 f3 52. Rg8 f2+ 53. Kf1 Rc1+ 0-1

[Event "Sparkassen-Open A"]
[Site "Heusenstamm, Martinsee"]
[Date "2024.11.22"]
[Round "2.47"]
[White "Wenzel, Calvin"]
[Black "Pfarr, Michael"]
[Result "1-0"]
[WhiteElo "2058"]
[BlackElo "1954"]
[PlyCount "115"]
[EventDate "2024.11.21"]
[WhiteTeam "SK 1980 Gernsheim"]
[BlackTeam "SK 1928 Mömbris"]

1. e4 c5 2. Nf3 Nc6 3. d4 cxd4 4. Nxd4 Nf6 5. Nc3 e5 6. Ndb5 d6 7. Bg5 a6 8. Na3 b5 9. Nab1 Be7 10. Bxf6 Bxf6 11. a4 b4 12. Nd5 O-O 13. Bc4 Bg5 14. O-O a5 15. Qd3 Ne7 16. Nxe7+ Qxe7 17. c3 Rb8 18. Bb5 bxc3 19. Nxc3 Be6 20. Rfd1 Rfd8 21. Rab1 Qc7 22. Nd5 Bxd5 23. Qxd5 Qc5 24. Bc4 Qxd5 25. Rxd5 Ra8 26. Rbd1 Be7 27. Rb5 Rdb8 28. Rdd5 Rxb5 29. Rxb5 Ra7 30. Rb8+ Bf8 31. Kf1 g6 32. Ke2 Kg7 33. Kd3 Be7 34. Rc8 Bg5 35. Rc6 Be7 36. Ba6 f5 37. f3 Rd7 38. Bc8 fxe4+ 39. fxe4 Rd8 40. Kc4 d5+ 41. exd5 Bb4 42. Rc7+ Kh6 43. Be6 Rf8 44. Rc6 Rf4+ 45. Kb5 Rg4 46. d6 Bxd6 47. Kxa5 e4 48. Bc4 Bxh2 49. b4 e3 50. b5 Re4 51. Be2 Bg3 52. Rc4 Re8 53. b6 Ra8+ 54. Kb5 Be1 55. b7 Rb8 56. Kb6 Kg7 57. Rc8 Bg3 58. a5 1-0

[Event "Sparkassen-Open A"]
[Site "Heusenstamm, Martinsee"]
[Date "2024.11.22"]
[Round "2.48"]
[White "Kluge, Joscha"]
[Black "Perske, Paul"]
[Result "0-1"]
[WhiteElo "1703"]
[BlackElo "2093"]
[PlyCount "64"]
[EventDate "2024.11.21"]
[WhiteTeam "SC Bergen-Enkheim 1922"]
[BlackTeam "Sfr.Heidesheim"]

1. c4 g6 2. g3 c5 3. Bg2 Bg7 4. e3 Nc6 5. Ne2 Nf6 6. Nbc3 O-O 7. O-O d6 8. b3 Bf5 9. Bb2 Qd7 10. d4 cxd4 11. Nxd4 Bh3 12. Nxc6 bxc6 13. Qf3 Rfc8 14. Rfd1 Bg4 15. Qf4 e5 16. Qxe5 dxe5 17. Rxd7 Nxd7 18. h3 Be6 19. Rd1 Nc5 20. Rd6 Bf8 21. Rxc6 Rxc6 22. Bxc6 Rd8 23. Bd5 Bxh3 24. Kh2 Be6 25. e4 Nd3 26. Ba1 Nxf2 27. Nb5 Bc5 28. Kg2 Ng4 29. Kf3 h5 30. Nc7 Bc8 31. Bb2 Rd6 32. Ne8 Ra6 0-1

[Event "Sparkassen-Open A"]
[Site "Heusenstamm, Martinsee"]
[Date "2024.11.22"]
[Round "2.49"]
[White "Burkhardt, Holger"]
[Black "Richter, Gerald"]
[Result "1-0"]
[WhiteElo "2087"]
[BlackElo "1957"]
[PlyCount "51"]
[EventDate "2024.11.21"]
[WhiteTeam "SK 1858 Gießen"]
[BlackTeam "Siegener Schachverein 1878"]

1. e4 c5 2. Nf3 d6 3. d4 cxd4 4. Nxd4 Nf6 5. Nc3 a6 6. Qf3 Nbd7 7. Be2 g6 8. O-O Bg7 9. Rd1 O-O 10. a4 Qc7 11. a5 Ne5 12. Qg3 Bd7 13. Nb3 Be6 14. f4 Nc6 15. Be3 Nd7 16. Bg4 Bxb3 17. cxb3 e6 18. f5 Be5 19. Qh3 Bxc3 20. bxc3 exf5 21. exf5 Nce5 22. Bd4 Nf6 23. Bf3 Rae8 24. Rf1 Nxf3+ 25. Rxf3 Ne4 26. Qxh7+ 1-0